书目信息 |
| 题名: |
儿童娱乐空间
|
|
| 作者: | 布勒特 著 | |
| 分册: | ||
| 出版信息: | 北京 机械工业出版社 2007.09 |
|
| 页数: | 293页 | |
| 开本: | 19cm | |
| 丛书名: | ||
| 单 册: | ||
| 中图分类: | TU241 | |
| 科图分类: | ||
| 主题词: | 民用建筑--建筑设计 | |
| 电子资源: | ||
| ISBN: | 978-7-111-22103-6 | |
| 000 | 00470nam0 2200181 45 | |
| 005 | 20080922091109.89 | |
| 010 | @a978-7-111-22103-6@dCNY98.00 | |
| 092 | @bLR | |
| 102 | @aCN@b110000 | |
| 200 | 1 | @a儿童娱乐空间@f(西)布勒特 著@F(xi)bu le te zhu |
| 210 | @a北京@c机械工业出版社@d2007.09 | |
| 215 | @a293页@d19cm | |
| 606 | 0 | @a民用建筑@x建筑设计 |
| 690 | @aTU241@v4 | |
| 701 | 0 | @a布勒特@Abu le te@4著 |
| 801 | 0 | @c20080922 |
| 905 | @dTU241@eB982@f3 | |
| 906 | @cLR@dCNY98.00@n0@r1 | |
| 儿童娱乐空间/(西)布勒特 著.-北京:机械工业出版社,2007.09 |
| 293页;19cm |
| ISBN 978-7-111-22103-6:CNY98.00 |
| ● |
| 相关链接 |
|
|
|
正题名:儿童娱乐空间
索取号:TU241/B982
 
预约/预借
| 序号 | 登录号 | 条形码 | 馆藏地/架位号 | 状态 | 备注 |
| 1 | 679399 | 206793996 | 建筑库101/101建筑库 57排6列1层/ [索取号:TU241/B982] | 在馆 | |
| 2 | 679400 | 206794003 | 建筑库101/101建筑库 58排1列1层/ [索取号:TU241/B982] | 在馆 | |
| 3 | 679401 | 206794012 | 建筑库101/101建筑库 58排1列1层/ [索取号:TU241/B982] | 在馆 |